Vyučovanie španielčiny ako tretieho cudzieho jazyka na Fakulte medzinárodných vzťahov Ekonomickej univerzity v Bratislave

Saved in:
Bibliographic Details
Main Author: Paľková, Jana
Format: Book Chapter
Language:Slovak
Tags: Add Tag
No Tags, Be the first to tag this record!

MARC

LEADER 00000nla$a2200000$$$4500
001 0064028
005 20240502071740.1
041 0 |a slo 
044 |a SK 
245 1 0 |a Vyučovanie španielčiny ako tretieho cudzieho jazyka na Fakulte medzinárodných vzťahov Ekonomickej univerzity v Bratislave  |c Jana Paľková 
100 1 |a Paľková, Jana